Normal view MARC view
  • Esteinou, Rosario

Entry Nombre Personal

Number of records used in: 1

001 - NUMERO DE CONTROL

  • campo de control: 48654

003 - IDENTIFICADOR DE NUMERO DE CONTROL

  • campo de control: DLC

005 - FECHA Y HORA DE LA ÜLTIMA TRANSACCIÓN

  • campo de control: 20230418105438.0

008 - DATOS DE LONGITUD FIJA

  • campo de control de longitud fija: 970929nn acnnnaabn |a aaa c

010 ## - NÚMERO DE CONTROL DE LA BIBLIOTECA DEL CONGRESO

  • Número de control LC: nr 97034629

035 ## - NUMERO DE CONTROL

  • Número de control: (OCoLC)oca04463832

040 ## - FUENTE DE CATALOGACIÓN

  • Agencia original de catalogación: UPB
  • Lenguaje de catalogación: spa
  • Agencia de transcripción: UPB
  • Agencia que lo modifica: OCoLC
  • Agencia que lo modifica: DLC
  • Agencia que lo modifica: MX-MxUPN

100 1# - ENCABEZAMIENTO - NOMBRE PERSONAL

  • Nombre personal: Esteinou, Rosario

400 1# - VEÁSE - NOMBRE DE PERSONA

  • Personal name: Esteinou M., Ma. del Rosario
  • Fuller form of name: (María del Rosario Esteinou Madrid)

400 1# - VEÁSE - NOMBRE DE PERSONA

  • Personal name: Esteinou Madrid, María del Rosario

400 1# - VEÁSE - NOMBRE DE PERSONA

  • Personal name: Madrid, María del Rosario Esteinou

400 1# - VEÁSE - NOMBRE DE PERSONA

  • Personal name: Esteinou, Ma. del Rosario
  • Fuller form of name: (María del Rosario)

670 ## - FUENTE EN LA QUE SE LOCALIZARON DATOS

  • Cita de la fuente: Familias de sectores medios, 1996:
  • Información localizada: portada (Rosario Esteinou) CIP (Esteinou Madrid, Rosario) página 142 (Esteinou, Ma. del Rosario)

670 ## - FUENTE EN LA QUE SE LOCALIZARON DATOS

  • Cita de la fuente: RLIN, 9/29/97
  • Información localizada: (Esteinou M., Ma. del Rosario)

902 ## - CATALOGADOR

  • Catalogador: VíctorGodínez/180423